000 00251nam a22000857a 4500
008 160713b xxu||||| |||| 00| 0 eng d
100 _92780
_a Wilson, D.C
245 _aThe Big - Little World of Doc Pritham
260 _aNew York
_b McGraw Hill Book Com.
_c1971
999 _c2399
_d2399